[Event "MPA 1820 2024"]
[Site "Sianozety"]
[Date "2024.04.12"]
[Round "4.9"]
[White "Stepien, Janusz"]
[Black "Przygrodzki, Jan"]
[Result "1-0"]
[BlackElo "1802"]
[WhiteElo "1732"]
[LiveChessVersion "1.4.4"]

1. d4 {[%clk 1:30:38]} d5 {[%clk 1:30:43]} 2. c4 {[%clk 1:30:55]} c6
{[%clk 1:31:05]} 3. Nf3 {[%clk 1:30:46]} Nf6 {[%clk 1:31:26]} 4. Nc3
{[%clk 1:30:57]} a6 {[%clk 1:31:38]} 5. g3 {[%clk 1:28:59]} dxc4 {[%clk 1:30:33]}
6. a4 {[%clk 1:27:28]} e6 {[%clk 1:30:06]} 7. Bg2 {[%clk 1:27:43]} c5
{[%clk 1:29:53]} 8. O-O {[%clk 1:24:19]} cxd4 {[%clk 1:22:20]} 9. Nxd4
{[%clk 1:23:55]} e5 {[%clk 1:22:35]} 10. Nf3 {[%clk 1:20:52]} Qxd1
{[%clk 1:22:48]} 11. Rxd1 {[%clk 1:20:53]} Nc6 {[%clk 1:23:08]} 12. Bg5
{[%clk 1:14:02]} Be6 {[%clk 1:14:43]} 13. Rac1 {[%clk 1:05:20]} Be7
{[%clk 1:01:18]} 14. Bxf6 {[%clk 0:44:13]} gxf6 {[%clk 0:56:57]} 15. Nd5
{[%clk 0:37:43]} Bxd5 {[%clk 0:41:53]} 16. Rxd5 {[%clk 0:37:38]} Nb4
{[%clk 0:30:03]} 17. Rdd1 {[%clk 0:37:40]} Rc8 {[%clk 0:30:22]} 18. Nh4
{[%clk 0:33:45]} b5 {[%clk 0:28:23]} 19. Nf5 {[%clk 0:32:56]} Bc5
{[%clk 0:21:39]} 20. Ng7+ {[%clk 0:32:28]} Kf8 {[%clk 0:19:44]} 21. Nf5
{[%clk 0:32:50]} Bd4 {[%clk 0:20:13]} 22. Nxd4 {[%clk 0:31:56]} exd4
{[%clk 0:20:41]} 23. Rxd4 {[%clk 0:31:30]} Ke7 {[%clk 0:16:31]} 24. Bh3
{[%clk 0:29:19]} Rcd8 {[%clk 0:16:39]} 25. Re4+ {[%clk 0:28:38]} Kd6
{[%clk 0:17:08]} 26. axb5 {[%clk 0:22:05]} axb5 {[%clk 0:17:31]} 27. b3
{[%clk 0:22:18]} Na2 {[%clk 0:17:22]} 28. Rd1+ {[%clk 0:17:38]} Kc5
{[%clk 0:17:40]} 29. Rxd8 {[%clk 0:17:48]} Rxd8 {[%clk 0:18:09]} 30. bxc4
{[%clk 0:18:06]} Nc3 {[%clk 0:12:38]} 31. Re7 {[%clk 0:17:20]} bxc4
{[%clk 0:11:45]} 32. Bf5 {[%clk 0:14:57]} Rd1+ {[%clk 0:10:14]} 33. Kg2
{[%clk 0:15:15]} Nd5 {[%clk 0:05:54]} 34. Rxf7 {[%clk 0:14:39]} Rd2
{[%clk 0:05:14]} 35. Kf3 {[%clk 0:12:32]} c3 {[%clk 0:05:05]} 36. Rf8
{[%clk 0:12:45]} Ne7 {[%clk 0:05:26]} 37. Bb1 {[%clk 0:08:35]} c2
{[%clk 0:03:45]} 38. Bxc2 {[%clk 0:08:58]} Rxc2 {[%clk 0:04:09]} 39. Rxf6
{[%clk 0:09:04]} Ng6 {[%clk 0:02:52]} 40. Rf5+ {[%clk 0:07:53]} Kd6
{[%clk 0:03:11]} 41. Rh5 {[%clk 0:07:22]} Rc7 {[%clk 0:02:52]} 42. h4
{[%clk 0:07:28]} Rf7+ {[%clk 0:02:23]} 43. Ke3 {[%clk 0:07:41]} Re7+
{[%clk 0:01:43]} 44. Kd2 {[%clk 0:07:42]} Ne5 {[%clk 0:01:52]} 45. Rh6+ Kd5
{[%clk 0:01:52]} 46. Ra6 Nc6 {[%clk 0:01:52]} 47. e3 Rf7 {[%clk 0:01:52]} 48. Ke2
Re7 {[%clk 0:01:52]} 49. Ra8 Nd4+ {[%clk 0:01:52]} 50. Kd3 Ne6 {[%clk 0:01:52]}
51. f3 Rf7 {[%clk 0:01:52]} 52. e4+ Ke5 {[%clk 0:01:52]} 53. Ke3 Rb7
{[%clk 0:01:52]} 54. Ra3 Rg7 {[%clk 0:01:52]} 55. Ra5+ Kd6 {[%clk 0:01:52]} 56.
Ra6+ Ke5 {[%clk 0:01:52]} 57. f4+ Kf6 {[%clk 0:01:52]} 58. Kf3 Kf7
{[%clk 0:01:52]} 59. Ra7+ Kf8 {[%clk 0:01:52]} 60. Rxg7 Kxg7 {[%clk 0:01:52]} 61.
g4 h5 {[%clk 0:01:52]} 62. gxh5 Kh6 {[%clk 0:01:52]} 63. Kg4 Ng7 {[%clk 0:01:52]}
64. e5 Nxh5 {[%clk 0:01:52]} 65. Kf5 Ng3+ {[%clk 0:01:52]} 66. Kf6 Nh5+
{[%clk 0:01:52]} 67. Kf5 Ng3+ {[%clk 0:01:52]} 68. Ke6 Kg6 {[%clk 0:01:52]} 69.
h5+ Nxh5 {[%clk 0:01:52]} 70. f5+ Kg7 {[%clk 0:01:52]} 71. Ke7 Nf4
{[%clk 0:01:52]} 1-0

[Event "MPA 1820 2024"]
[Site "Sianozety"]
[Date "2024.04.12"]
[Round "4.10"]
[White "Kopacz, Przemyslaw"]
[Black "Nowak, Dominik"]
[Result "1-0"]
[BlackElo "1590"]
[WhiteElo "1774"]
[LiveChessVersion "1.4.4"]

1. c4 {[%clk 1:30:58]} c6 {[%clk 1:30:55]} 2. d4 {[%clk 1:30:34]} d5
{[%clk 1:31:18]} 3. e3 {[%clk 1:30:30]} Nf6 {[%clk 1:30:59]} 4. Nc3
{[%clk 1:30:43]} e6 {[%clk 1:30:34]} 5. Bd3 {[%clk 1:29:34]} Nbd7
{[%clk 1:30:39]} 6. Nge2 {[%clk 1:29:33]} Bd6 {[%clk 1:30:46]} 7. a3
{[%clk 1:29:26]} O-O {[%clk 1:28:40]} 8. Ng3 {[%clk 1:29:14]} Re8
{[%clk 1:24:29]} 9. c5 {[%clk 1:29:07]} Bxg3 {[%clk 1:23:15]} 10. hxg3
{[%clk 1:28:02]} h6 {[%clk 1:19:19]} 11. f4 {[%clk 1:27:45]} Nf8 {[%clk 1:15:46]}
12. O-O {[%clk 1:24:12]} N6h7 {[%clk 1:10:35]} 13. e4 {[%clk 1:22:01]} f5
{[%clk 1:08:03]} 14. e5 {[%clk 1:19:00]} Re7 {[%clk 1:07:08]} 15. g4
{[%clk 1:14:13]} Qe8 {[%clk 1:02:58]} 16. gxf5 {[%clk 1:11:44]} exf5
{[%clk 1:03:04]} 17. Be3 {[%clk 1:08:44]} Be6 {[%clk 1:00:18]} 18. Rf3
{[%clk 1:04:53]} Rc8 {[%clk 0:48:28]} 19. Rh3 {[%clk 1:03:49]} Rcc7
{[%clk 0:47:02]} 20. Qc2 {[%clk 1:01:29]} Rf7 {[%clk 0:45:43]} 21. Kf2
{[%clk 1:01:02]} Qd7 {[%clk 0:39:01]} 22. Rah1 {[%clk 1:00:53]} Qc8
{[%clk 0:36:57]} 23. Ne2 {[%clk 1:00:07]} Qd7 {[%clk 0:36:20]} 24. Rh5
{[%clk 0:59:51]} g6 {[%clk 0:33:43]} 25. Rxh6 {[%clk 0:59:51]} Rg7
{[%clk 0:33:58]} 26. Ke1 {[%clk 0:53:53]} Kf7 {[%clk 0:33:54]} 27. g4
{[%clk 0:50:48]} Ke8 {[%clk 0:30:35]} 28. Ng3 {[%clk 0:50:17]} Rf7
{[%clk 0:29:14]} 29. gxf5 {[%clk 0:49:27]} gxf5 {[%clk 0:28:57]} 30. Rxe6+
{[%clk 0:46:37]} Nxe6 {[%clk 0:27:26]} 31. Nxf5 {[%clk 0:44:51]} 1-0

[Event "MPA 1820 2024"]
[Site "Sianozety"]
[Date "2024.04.12"]
[Round "5.1"]
[White "Iwan, Patryk"]
[Black "Adamowicz, Michal"]
[Result "1-0"]
[BlackElo "1741"]
[WhiteElo "1815"]
[LiveChessVersion "1.4.4"]

1. e4 {[%clk 1:30:57]} c5 {[%clk 1:30:57]} 2. Nf3 {[%clk 1:31:22]} e6
{[%clk 1:31:24]} 3. d4 {[%clk 1:31:48]} cxd4 {[%clk 1:31:51]} 4. Nxd4
{[%clk 1:32:14]} Nc6 {[%clk 1:32:17]} 5. Nc3 {[%clk 1:32:37]} Qc7
{[%clk 1:32:45]} 6. a3 {[%clk 1:32:45]} a6 {[%clk 1:33:10]} 7. Be3
{[%clk 1:33:07]} Nf6 {[%clk 1:33:03]} 8. f4 {[%clk 1:33:03]} d6 {[%clk 1:29:10]}
9. Qf3 {[%clk 1:32:58]} Be7 {[%clk 1:21:30]} 10. O-O-O {[%clk 1:32:31]} Bd7
{[%clk 1:03:28]} 11. Nxc6 {[%clk 1:28:03]} Bxc6 {[%clk 1:01:09]} 12. Bd3
{[%clk 1:25:05]} b5 {[%clk 0:51:59]} 13. f5 {[%clk 1:01:28]} e5 {[%clk 0:31:32]}
14. g4 {[%clk 0:48:59]} Qb7 {[%clk 0:23:41]} 15. g5 {[%clk 0:39:00]} Nd7
{[%clk 0:23:45]} 16. Nd5 {[%clk 0:36:37]} Bxd5 {[%clk 0:22:34]} 17. exd5
{[%clk 0:37:03]} Rc8 {[%clk 0:18:09]} 18. b3 {[%clk 0:23:19]} Nc5
{[%clk 0:10:26]} 19. Kb2 {[%clk 0:21:35]} f6 {[%clk 0:03:17]} 20. h4
{[%clk 0:20:08]} Kd7 {[%clk 0:02:24]} 21. Rhg1 {[%clk 0:16:35]} Rc7
{[%clk 0:01:51]} 22. Bxc5 {[%clk 0:12:25]} Rxc5 {[%clk 0:02:15]} 23. Be4
{[%clk 0:11:25]} b4 {[%clk 0:00:52]} 24. a4 {[%clk 0:10:30]} Rc3 {[%clk 0:01:06]}
25. Qh5 {[%clk 0:10:21]} Rhc8 {[%clk 0:00:36]} 26. gxf6 {[%clk 0:10:04]} Qc7
{[%clk 0:00:44]} 27. Rc1 {[%clk 0:08:39]} Bxf6 {[%clk 0:01:01]} 28. Qf7+
{[%clk 0:04:54]} Kd8 {[%clk 0:01:02]} 29. Qf8+ {[%clk 0:04:51]} Kd7
{[%clk 0:01:29]} 30. Rxg7+ {[%clk 0:04:16]} Bxg7 {[%clk 0:01:54]} 31. Qxg7+
{[%clk 0:04:44]} Kd8 {[%clk 0:02:00]} 32. Qg8+ {[%clk 0:04:00]} Kd7
{[%clk 0:02:20]} 33. Qxh7+ {[%clk 0:04:18]} Kd8 {[%clk 0:02:47]} 34. Qg8+
{[%clk 0:03:39]} Kd7 {[%clk 0:03:03]} 35. Qg7+ {[%clk 0:01:54]} Kd8
{[%clk 0:03:03]} 36. Qg8+ {[%clk 0:02:17]} Kd7 {[%clk 0:03:21]} 37. Qg1
{[%clk 0:02:10]} Rxb3+ {[%clk 0:02:39]} 38. cxb3 {[%clk 0:02:28]} 1-0

[Event "MPA 1820 2024"]
[Site "Sianozety"]
[Date "2024.04.12"]
[Round "5.2"]
[White "Kupiak, Sylwester"]
[Black "Haluja, Wiktor"]
[Result "0-1"]
[BlackElo "1756"]
[WhiteElo "1747"]
[LiveChessVersion "1.4.4"]

1. e4 {[%clk 1:30:57]} c6 {[%clk 1:30:57]} 2. d4 {[%clk 1:31:23]} d5
{[%clk 1:31:23]} 3. e5 {[%clk 1:31:43]} c5 {[%clk 1:31:49]} 4. c3
{[%clk 1:31:32]} Nc6 {[%clk 1:32:13]} 5. Be3 {[%clk 1:29:30]} Nh6
{[%clk 1:30:48]} 6. Bd3 {[%clk 1:19:14]} Ng4 {[%clk 1:24:57]} 7. Ne2
{[%clk 1:12:38]} Nxe3 {[%clk 1:10:35]} 8. fxe3 {[%clk 1:12:56]} Bg4
{[%clk 1:08:38]} 9. O-O {[%clk 1:11:39]} g6 {[%clk 1:07:45]} 10. h3
{[%clk 1:11:18]} Bxe2 {[%clk 1:07:31]} 11. Qxe2 {[%clk 1:11:34]} Bh6
{[%clk 1:06:58]} 12. Bb5 {[%clk 1:07:17]} O-O {[%clk 0:59:31]} 13. Bxc6
{[%clk 1:07:08]} bxc6 {[%clk 0:59:59]} 14. Nd2 {[%clk 1:06:56]} Rb8
{[%clk 0:55:46]} 15. Nb3 {[%clk 1:05:18]} Qb6 {[%clk 0:33:24]} 16. Rfb1
{[%clk 1:04:32]} Qb5 {[%clk 0:26:57]} 17. Kf2 {[%clk 0:58:47]} f6
{[%clk 0:21:47]} 18. e6 {[%clk 0:59:01]} Qxe2+ {[%clk 0:19:01]} 19. Kxe2
{[%clk 0:59:20]} cxd4 {[%clk 0:17:52]} 20. exd4 {[%clk 0:59:31]} Bf4
{[%clk 0:16:23]} 21. Nc5 {[%clk 0:59:27]} Rfd8 {[%clk 0:15:52]} 22. b3
{[%clk 0:58:20]} Bd6 {[%clk 0:14:52]} 23. Nd7 {[%clk 0:58:26]} Rbc8
{[%clk 0:13:12]} 24. Kd3 {[%clk 0:58:27]} c5 {[%clk 0:10:10]} 25. Rc1
{[%clk 0:57:04]} Bf4 {[%clk 0:07:35]} 26. Rc2 {[%clk 0:57:10]} c4+
{[%clk 0:05:44]} 27. bxc4 {[%clk 0:53:35]} Rxc4 {[%clk 0:05:59]} 28. Rb1
{[%clk 0:53:00]} Rc6 {[%clk 0:05:39]} 29. Re1 {[%clk 0:50:03]} Rdc8
{[%clk 0:04:38]} 30. g4 {[%clk 0:46:33]} g5 {[%clk 0:03:17]} 31. Ree2
{[%clk 0:46:31]} Kg7 {[%clk 0:02:37]} 32. Nc5 {[%clk 0:45:17]} Bd6
{[%clk 0:02:49]} 33. c4 {[%clk 0:39:04]} dxc4+ {[%clk 0:02:35]} 34. Rxc4
{[%clk 0:37:18]} Bxc5 {[%clk 0:02:37]} 35. Rec2 {[%clk 0:36:22]} Rxe6
{[%clk 0:02:34]} 36. Rxc5 {[%clk 0:34:55]} Rd8 {[%clk 0:01:32]} 37. d5
{[%clk 0:33:03]} Red6 {[%clk 0:01:36]} 38. Kc4 {[%clk 0:33:08]} R8d7
{[%clk 0:01:22]} 39. Re2 {[%clk 0:30:42]} Kg6 {[%clk 0:01:22]} 40. a4
{[%clk 0:29:24]} h5 {[%clk 0:01:38]} 41. a5 {[%clk 0:29:35]} h4 {[%clk 0:01:06]}
42. Re3 {[%clk 0:28:32]} Kg7 43. Re6 {[%clk 0:27:03]} Rxe6 {[%clk 0:00:37]} 44.
dxe6 {[%clk 0:26:25]} Rd6 {[%clk 0:01:05]} 45. Rc7 {[%clk 0:26:38]} Rxe6
{[%clk 0:00:33]} 46. Rxa7 {[%clk 0:26:58]} Re4+ {[%clk 0:00:32]} 47. Kd5
{[%clk 0:26:44]} Re3 {[%clk 0:00:43]} 48. a6 {[%clk 0:27:05]} Kf7
{[%clk 0:00:49]} 49. Kc6 {[%clk 0:25:10]} Rxh3 {[%clk 0:01:11]} 50. Rb7
{[%clk 0:24:35]} Rc3+ {[%clk 0:01:17]} 51. Kb6 {[%clk 0:20:49]} h3
{[%clk 0:01:11]} 52. Rb8 {[%clk 0:19:57]} Rb3+ {[%clk 0:00:39]} 53. Kc7
{[%clk 0:18:34]} Rxb8 {[%clk 0:00:42]} 54. Kxb8 {[%clk 0:19:03]} h2
{[%clk 0:01:02]} 0-1

[Event "MPA 1820 2024"]
[Site "Sianozety"]
[Date "2024.04.12"]
[Round "5.3"]
[White "Kuriata, Karol"]
[Black "Mencfel, Artur"]
[Result "0-1"]
[BlackElo "1757"]
[WhiteElo "1648"]
[LiveChessVersion "1.4.4"]

1. e4 {[%clk 1:30:56]} c5 {[%clk 1:30:57]} 2. Nc3 {[%clk 1:31:21]} Nc6
{[%clk 1:30:54]} 3. Bb5 {[%clk 1:31:23]} Nd4 {[%clk 1:31:20]} 4. Bc4
{[%clk 1:31:44]} a6 {[%clk 1:31:25]} 5. a4 {[%clk 1:32:04]} e6 {[%clk 1:31:41]}
6. Nge2 {[%clk 1:32:18]} d6 {[%clk 1:29:20]} 7. O-O {[%clk 1:31:11]} Nf6
{[%clk 1:29:46]} 8. d3 {[%clk 1:31:05]} Be7 9. f4 {[%clk 1:26:49]} d5
{[%clk 1:28:34]} 10. exd5 {[%clk 1:23:49]} exd5 {[%clk 1:28:52]} 11. Ba2
{[%clk 1:24:03]} Bg4 {[%clk 1:27:06]} 12. h3 {[%clk 1:23:31]} Bxe2
{[%clk 1:21:55]} 13. Nxe2 {[%clk 1:20:28]} O-O {[%clk 1:21:36]} 14. Nxd4
{[%clk 1:18:27]} cxd4 {[%clk 1:20:36]} 15. Bd2 {[%clk 1:17:08]} Qc7
{[%clk 1:17:56]} 16. Bb3 {[%clk 1:16:51]} Bd6 {[%clk 1:17:44]} 17. Qf3
{[%clk 1:15:18]} Rad8 {[%clk 1:17:18]} 18. Rae1 {[%clk 1:13:59]} Rfe8
{[%clk 1:17:01]} 19. Kh1 {[%clk 1:06:37]} g6 20. g4 {[%clk 1:02:35]} Rxe1
{[%clk 1:09:04]} 21. Bxe1 {[%clk 1:02:13]} Kg7 {[%clk 1:08:50]} 22. Bh4
{[%clk 0:50:06]} Rd7 {[%clk 1:03:56]} 23. f5 {[%clk 0:41:48]} Ng8
{[%clk 0:59:11]} 24. fxg6 {[%clk 0:37:11]} hxg6 {[%clk 0:58:24]} 25. Qxd5
{[%clk 0:18:51]} Bf4 {[%clk 0:52:15]} 26. Qf3 {[%clk 0:16:43]} g5
{[%clk 0:52:39]} 27. Bf2 {[%clk 0:15:31]} Ne7 {[%clk 0:53:03]} 28. Qe4
{[%clk 0:07:38]} Qd6 {[%clk 0:52:58]} 29. Re1 {[%clk 0:06:59]} Ng6
{[%clk 0:52:31]} 30. Kg2 {[%clk 0:06:11]} Bd2 {[%clk 0:47:23]} 31. Bg3
{[%clk 0:04:08]} Qb4 {[%clk 0:37:59]} 32. Rf1 {[%clk 0:02:42]} Re7
{[%clk 0:37:04]} 33. Qf5 {[%clk 0:00:46]} Bf4 {[%clk 0:37:33]} 34. Rf2
{[%clk 0:00:46]} Bxg3 {[%clk 0:37:25]} 35. Kxg3 {[%clk 0:00:52]} Qd6+
{[%clk 0:37:52]} 0-1

[Event "MPA 1820 2024"]
[Site "Sianozety"]
[Date "2024.04.12"]
[Round "5.4"]
[White "Hombek, Mariusz"]
[Black "Przytocki, Bartosz"]
[Result "1-0"]
[BlackElo "1651"]
[WhiteElo "1531"]
[LiveChessVersion "1.4.4"]

1. e4 {[%clk 1:30:49]} c5 {[%clk 1:30:50]} 2. Nc3 {[%clk 1:31:14]} Nc6 3. f4
{[%clk 1:31:39]} g6 {[%clk 1:31:27]} 4. Nf3 {[%clk 1:31:48]} Bg7 {[%clk 1:31:49]}
5. Bb5 {[%clk 1:32:13]} Nd4 {[%clk 1:28:39]} 6. O-O {[%clk 1:32:38]} a6
{[%clk 1:25:01]} 7. Bd3 {[%clk 1:32:57]} e6 {[%clk 1:23:43]} 8. e5
{[%clk 1:31:28]} Nxf3+ {[%clk 1:10:57]} 9. Qxf3 {[%clk 1:31:38]} d5
{[%clk 1:11:05]} 10. a4 {[%clk 1:19:39]} Ne7 {[%clk 1:04:53]} 11. b3
{[%clk 1:17:59]} O-O {[%clk 1:01:34]} 12. Ba3 {[%clk 1:14:34]} b6
{[%clk 0:53:01]} 13. Kh1 {[%clk 1:10:06]} Bb7 {[%clk 0:49:08]} 14. a5
{[%clk 1:04:27]} Bc6 {[%clk 0:37:53]} 15. Qf2 {[%clk 0:59:30]} c4
{[%clk 0:27:13]} 16. bxc4 {[%clk 0:55:28]} dxc4 {[%clk 0:27:37]} 17. Bxc4
{[%clk 0:54:42]} b5 {[%clk 0:27:49]} 18. Bd3 {[%clk 0:53:20]} Re8
{[%clk 0:23:17]} 19. Be4 {[%clk 0:43:33]} Qc8 {[%clk 0:08:05]} 20. Rac1
{[%clk 0:35:28]} Bf8 {[%clk 0:07:36]} 21. d3 {[%clk 0:28:55]} Qb7
{[%clk 0:04:37]} 22. Bxc6 {[%clk 0:29:08]} Nxc6 {[%clk 0:04:39]} 23. Bxf8
{[%clk 0:28:41]} Rxf8 {[%clk 0:05:02]} 24. Ne4 {[%clk 0:28:24]} Nxa5
{[%clk 0:04:15]} 25. Qh4 {[%clk 0:25:44]} Kg7 {[%clk 0:01:54]} 26. Qf6+
{[%clk 0:25:09]} Kg8 {[%clk 0:02:19]} 27. Rf3 {[%clk 0:25:21]} Nc6
{[%clk 0:01:53]} 28. Qh4 {[%clk 0:24:31]} Kg7 {[%clk 0:01:18]} 29. Rh3
{[%clk 0:22:07]} Rh8 {[%clk 0:00:49]} 30. Qh6+ {[%clk 0:22:23]} Kg8
{[%clk 0:01:12]} 31. Nf6# {[%clk 0:22:52]} 1-0

[Event "MPA 1820 2024"]
[Site "Sianozety"]
[Date "2024.04.12"]
[Round "5.5"]
[White "Czepczynski, Boguslaw"]
[Black "Pierzak, Rafael"]
[Result "1-0"]
[BlackElo "1819"]
[WhiteElo "1771"]
[LiveChessVersion "1.4.4"]

1. c4 {[%clk 1:30:52]} e5 {[%clk 1:30:54]} 2. Nc3 {[%clk 1:31:07]} Nf6
{[%clk 1:31:10]} 3. g3 {[%clk 1:31:23]} Nc6 {[%clk 1:31:34]} 4. Bg2
{[%clk 1:31:37]} Bc5 {[%clk 1:31:57]} 5. Nf3 {[%clk 1:31:37]} d6 {[%clk 1:32:21]}
6. O-O {[%clk 1:31:57]} O-O {[%clk 1:32:45]} 7. Na4 {[%clk 1:31:12]} Bb6
{[%clk 1:31:56]} 8. Nxb6 {[%clk 1:31:33]} axb6 9. b3 {[%clk 1:28:57]} h6
{[%clk 1:31:19]} 10. Bb2 {[%clk 1:29:17]} e4 {[%clk 1:22:05]} 11. Nd4
{[%clk 1:28:18]} Nxd4 {[%clk 1:22:14]} 12. Bxd4 {[%clk 1:28:42]} Bf5
{[%clk 1:21:50]} 13. f3 Bg6 {[%clk 0:56:21]} 14. Bxf6 {[%clk 1:24:31]} Qxf6 15.
Qc1 {[%clk 1:18:54]} Qe5 {[%clk 0:55:24]} 16. f4 {[%clk 1:18:06]} Qe6
{[%clk 0:52:47]} 17. Qc3 {[%clk 1:17:16]} f5 {[%clk 0:48:28]} 18. Rfe1
{[%clk 1:13:48]} Kh8 19. Qd4 {[%clk 1:10:38]} c5 {[%clk 0:44:53]} 20. Qe3
{[%clk 1:09:58]} d5 21. cxd5 {[%clk 1:09:35]} Qxd5 {[%clk 0:45:12]} 22. d3
{[%clk 1:08:46]} Qd4 {[%clk 0:42:26]} 23. Qxd4 {[%clk 1:07:50]} cxd4
{[%clk 0:42:55]} 24. dxe4 {[%clk 1:08:11]} fxe4 {[%clk 0:43:19]} 25. Red1
{[%clk 1:07:19]} Rfd8 {[%clk 0:42:45]} 26. Kf2 {[%clk 1:07:12]} b5
{[%clk 0:41:52]} 27. g4 {[%clk 1:06:56]} e3+ {[%clk 0:39:34]} 28. Kg3 Rac8
{[%clk 0:26:50]} 29. f5 {[%clk 1:01:28]} Be8 30. Bxb7 {[%clk 1:01:30]} Rc2
{[%clk 0:26:22]} 31. Kf3 {[%clk 1:00:23]} b4 {[%clk 0:25:44]} 32. Be4
{[%clk 0:59:14]} Rb2 {[%clk 0:24:59]} 33. Bd3 {[%clk 0:58:34]} Bf7
{[%clk 0:21:42]} 34. Rdc1 h5 {[%clk 0:18:11]} 35. h3 {[%clk 0:57:44]} hxg4+
{[%clk 0:18:15]} 36. hxg4 Ra8 {[%clk 0:16:17]} 37. Bc4 {[%clk 0:53:32]} Be8
{[%clk 0:14:58]} 38. Rh1+ {[%clk 0:53:05]} 1-0

[Event "MPA 1820 2024"]
[Site "Sianozety"]
[Date "2024.04.12"]
[Round "5.6"]
[White "Kopacz, Przemyslaw"]
[Black "Stepien, Janusz"]
[Result "1/2-1/2"]
[BlackElo "1732"]
[WhiteElo "1774"]
[LiveChessVersion "1.4.4"]

1. c4 {[%clk 1:30:58]} Nf6 {[%clk 1:30:42]} 2. Nc3 {[%clk 1:31:18]} g6
{[%clk 1:31:05]} 3. g3 {[%clk 1:31:22]} Bg7 {[%clk 1:31:28]} 4. Bg2
{[%clk 1:31:47]} O-O {[%clk 1:31:50]} 5. e4 {[%clk 1:31:41]} d6 {[%clk 1:32:10]}
6. Nge2 {[%clk 1:32:03]} e5 {[%clk 1:30:34]} 7. O-O {[%clk 1:32:26]} Nc6
{[%clk 1:29:04]} 8. a3 {[%clk 1:32:05]} a5 {[%clk 1:29:16]} 9. d3
{[%clk 1:31:56]} Rb8 {[%clk 1:26:25]} 10. h3 {[%clk 1:29:05]} Nd7
{[%clk 1:22:48]} 11. f4 {[%clk 1:28:48]} f5 {[%clk 1:18:10]} 12. Be3
{[%clk 1:29:01]} Nf6 {[%clk 1:09:51]} 13. Rb1 {[%clk 1:27:36]} Be6
{[%clk 1:06:02]} 14. b4 {[%clk 1:27:12]} axb4 {[%clk 1:06:19]} 15. axb4
{[%clk 1:27:40]} fxe4 {[%clk 1:06:29]} 16. Nxe4 {[%clk 1:22:28]} Nxe4
{[%clk 1:06:05]} 17. Bxe4 {[%clk 1:22:14]} Bxh3 {[%clk 1:06:23]} 18. Bd5+
{[%clk 1:21:04]} Kh8 {[%clk 1:06:37]} 19. Rf2 {[%clk 1:21:04]} Ne7
{[%clk 1:05:38]} 20. Bf3 {[%clk 1:19:44]} Be6 {[%clk 1:03:52]} 21. Rh2
{[%clk 1:18:18]} Qd7 {[%clk 1:00:07]} 22. Nc1 {[%clk 1:18:01]} Nf5
{[%clk 0:59:30]} 23. Bf2 {[%clk 1:18:15]} exf4 {[%clk 0:58:57]} 24. gxf4
{[%clk 1:18:30]} Nd4 {[%clk 0:59:08]} 25. Bxd4 {[%clk 1:15:55]} Bxd4+
{[%clk 0:59:30]} 26. Kg2 {[%clk 1:16:19]} Be3 {[%clk 0:54:01]} 27. Ne2
{[%clk 1:14:29]} Bxf4 {[%clk 0:52:54]} 28. Nxf4 {[%clk 1:13:18]} Rxf4
{[%clk 0:53:15]} 29. Qe2 {[%clk 1:13:30]} c6 {[%clk 0:43:56]} 30. b5
{[%clk 1:12:48]} Rbf8 {[%clk 0:42:46]} 31. bxc6 {[%clk 1:12:47]} bxc6 32. Rbh1
{[%clk 1:03:09]} Bg8 {[%clk 0:30:38]} 33. Qb2+ {[%clk 1:02:43]} Qg7
{[%clk 0:27:55]} 34. Qxg7+ {[%clk 0:55:33]} Kxg7 {[%clk 0:28:16]} 35. Bxc6
{[%clk 0:55:57]} Rf2+ {[%clk 0:27:26]} 36. Kg3 {[%clk 0:56:00]} Rxh2
{[%clk 0:27:37]} 37. Rxh2 {[%clk 0:55:47]} Rc8 {[%clk 0:26:44]} 38. Be4
{[%clk 0:55:08]} Kf6 {[%clk 0:26:06]} 39. Kf4 {[%clk 0:55:15]} Rb8
{[%clk 0:25:14]} 40. Ra2 {[%clk 0:54:51]} Rb6 {[%clk 0:24:45]} 41. Ra8
{[%clk 0:54:17]} Bf7 {[%clk 0:20:10]} 42. Rh8 {[%clk 0:44:55]} g5+
{[%clk 0:17:43]} 43. Ke3 {[%clk 0:45:10]} Bg6 {[%clk 0:17:56]} 44. Kd4
{[%clk 0:39:16]} g4 {[%clk 0:12:19]} 45. Bxg6 {[%clk 0:30:28]} Kxg6
{[%clk 0:11:20]} 46. Ke4 {[%clk 0:30:22]} Kg7 {[%clk 0:07:55]} 47. Rd8
{[%clk 0:30:16]} Kf6 {[%clk 0:07:04]} 48. Kf4 {[%clk 0:30:14]} h5
{[%clk 0:07:10]} 49. Rh8 {[%clk 0:29:48]} Kg6 {[%clk 0:07:27]} 50. Rg8+
{[%clk 0:29:00]} Kh7 {[%clk 0:07:22]} 51. Rd8 {[%clk 0:29:30]} Kg7
{[%clk 0:06:38]} 52. Rd7+ {[%clk 0:13:31]} Kf6 {[%clk 0:06:21]} 53. Rh7
{[%clk 0:13:44]} Kg6 {[%clk 0:06:43]} 54. Rd7 {[%clk 0:13:48]} Kh6
{[%clk 0:06:08]} 55. d4 {[%clk 0:13:49]} Kg6 {[%clk 0:06:13]} 56. Rd8
{[%clk 0:13:29]} Kf7 {[%clk 0:05:42]} 57. Rh8 {[%clk 0:13:22]} Rb4
{[%clk 0:05:40]} 58. Rxh5 {[%clk 0:12:37]} Rxc4 {[%clk 0:06:01]} 59. Ke4
{[%clk 0:12:51]} Kg6 {[%clk 0:06:06]} 60. Rh8 {[%clk 0:12:50]} Kg5
{[%clk 0:06:11]} 61. Kd5 {[%clk 0:13:04]} Ra4 {[%clk 0:06:10]} 62. Ke4
{[%clk 0:07:09]} g3 {[%clk 0:05:28]} 63. Rg8+ {[%clk 0:05:38]} Kh4
{[%clk 0:05:42]} 64. Rg6 {[%clk 0:05:47]} Ra3 {[%clk 0:04:43]} 65. Kf4
{[%clk 0:04:10]} Kh3 {[%clk 0:04:16]} 66. Rxd6 {[%clk 0:04:22]} Kg2
{[%clk 0:04:00]} 67. Rb6 {[%clk 0:04:13]} Rf3+ {[%clk 0:04:03]} 68. Ke4
{[%clk 0:04:42]} Rf2 {[%clk 0:04:08]} 69. Ke3 {[%clk 0:04:45]} Kg1
{[%clk 0:04:14]} 70. d5 {[%clk 0:04:41]} g2 {[%clk 0:04:16]} 71. Rb8
{[%clk 0:04:35]} Rf6 {[%clk 0:04:00]} 72. Rb7 {[%clk 0:03:26]} Rh6
{[%clk 0:02:57]} 73. Ke4 {[%clk 0:01:39]} Kh2 {[%clk 0:02:58]} 74. Rb1
{[%clk 0:01:10]} Rf6 {[%clk 0:02:51]} 75. Rb2 {[%clk 0:01:18]} Kh1
{[%clk 0:02:59]} 76. Rxg2 {[%clk 0:01:44]} Kxg2 {[%clk 0:03:24]} 77. Ke5
{[%clk 0:02:11]} Rf2 {[%clk 0:03:34]} 78. d6 {[%clk 0:02:10]} Re2+
{[%clk 0:03:50]} 79. Kf6 {[%clk 0:02:26]} Kf3 {[%clk 0:03:57]} 80. d7
{[%clk 0:02:51]} Rd2 {[%clk 0:04:20]} 81. Ke7 {[%clk 0:03:11]} Re2+
{[%clk 0:04:28]} 82. Kf7 1/2-1/2